| 000 | 00371nam a22001337a 4500 | ||
|---|---|---|---|
| 020 | _a9780241227916 | ||
| 040 | _cNUST | ||
| 082 |
_a598 _bEVE |
||
| 100 |
_aNandi, Ishani _982272 |
||
| 245 | _aEverything You Need To Know About Birds | ||
| 260 |
_aLondon: _bDK Dorling Kindersley Penguin, _c2016. |
||
| 650 |
_aBirds-Everything You Need To Know _996554 |
||
| 942 |
_2ddc _cBK |
||
| 999 |
_c586441 _d586441 |
||